Computers in mathematics

Kaydedildi:
Detaylı Bibliyografya
Asıl Yazarlar: Chudnovsky, David (Yazar), Jenks, Richard D (Yazar)
Materyal Türü: Kitap
Dil:İngilizce
Baskı/Yayın Bilgisi: Nueva York Marcel Dekker 1990
Seri Bilgileri:Lecture notes in pure and applied mathematics, 125
Konular:
Etiketler: Etiketle
Etiket eklenmemiş, İlk siz ekleyin!

MARC

LEADER 00000nam a2200000 a 4500
001 UCW1791
003 CL-VaPUC
005 20220315074409.0
008 930908e19900000us 1 eng d
082 0 4 |a 510.285  |b CHU  |2 21 
100 1 |a Chudnovsky, David  |e author  |9 616701 
700 1 |a Jenks, Richard D  |e author  |9 616702 
245 1 0 |a Computers in mathematics 
260 |a Nueva York  |b Marcel Dekker  |c 1990 
300 |a 410 p 
490 0 |a Lecture notes in pure and applied mathematics, 125 
583 |a last modification  |c 19930908 00:00:00  |k Rodrigo Vera 
650 0 7 |a MATEMATICAS PROCESAMIENTO DE DATOS  |2 CL-VaPUC  |9 616703 
650 0 0 |a Congresos  |9 257560 
942 |c BK 
945 |d 19930908 00:00:00 
546 |a En Inglés 
518 |p Conference on Computers and Mathematics, Stanford University, 1986 
999 |c 382072  |d 382070 
952 |0 0  |1 0  |4 0  |6 510_285000000000000_CHU_1990  |7 0  |8 A  |9 503571  |a BIBMAT  |b BIBMAT  |d 2020-01-23  |i 2695723  |o 510.285 CHU 1990  |p 2695723  |r 2025-01-07  |w 2020-01-23  |y BK  |k MAT